000 00879nam a22002653a 4500
005 20230204063755.0
008 010622s1996 mx fr 000 0 spa d
020 _a9507010645
035 _aUPN01000108886
049 _aCG
050 4 _aLB1050.45
_bH4.48 1996
100 1 _aHeimlich, Joan E.,
_d1957-
_931376
245 1 0 _aEstudiar en el aula :
_bel mapa semántico /
_cJoan E. Heimlich, Susan D. Pittelman ; tr. Isabel Stratta.
250 _a3a ed.
260 _a[Buenos Aires], Arg. :
_bAique,
_c1996.
300 _a69 p.
440 0 _aDe la palabra
534 _pTraducción de:
_tSematic mapping. Classroom aplications
650 4 _aComprensión lectora
_91537
650 4 _aLectura
_xEstudio y enseñanza
_96274
650 4 _aVOCABULARIO -
_xESTUDIO Y ENSEÑANZA
650 4 _aINGLES -
_xSEMANTICA
700 1 _aPittelman, Susan D.,
_ecoaut.
_929862
905 _aLibro
999 _c82797
_d82797